| 000 | 00403nam a2200157Ia 4500 | ||
|---|---|---|---|
| 008 | 210716s1972 xx 000 0 und d | ||
| 020 | _a0814452868 | ||
| 041 | _aeng | ||
| 082 | _a657.904 SWEA | ||
| 100 | _aSweeny, Allen. | ||
| 245 | _aAccounting fundamentals for nonfinancial executives. | ||
| 250 | _a1 | ||
| 260 |
_aNew York _bAMACOM _c1972 |
||
| 300 | _aix,147 | ||
| 650 | _aFinancial Accounting | ||
| 999 |
_c202253 _d202253 |
||